000 00251nam a2200097Ia 4500
082 _aJ 364.154 HART
245 0 _aHuman trafficking
100 _a Hart, Joyce New York, 2009 1st ed
942 _cBK
008 210817s9999 xx 000 0 und d
999 _c392195
_d392193